000 00757nam a22002657a 4500
001 BR6004962
003 BR-BrBNA
005 20230928083218.0
007 ta
008 230509b bl.||||| |||| 00| 0 por d
040 _aBR-BrBNA
_bpor
_cBiblioteca Nacional de Agricultura
041 _a(Por)
072 _aM12
_b/G514
090 _ M12 BR6004962
100 1 _aPoli, C.R.
110 1 _aAssociacao de Credito e Assistencia Pesqueira de Santa Catarina, Florianopolis (Brasil)
_9414
245 1 _aIntroducao a piscicultura [Brasil]
260 3 _aFlorianopolis, SC (Brasil):
_c1975.
300 _a50 p.
500 _a12 ref.; 27 illus.
650 _aPISCICULTURA
650 _aSANTA CATARINA
909 _a202309
_bLucia
_c55
_dLucia Elande
942 _cBK
999 _c12174
_d12174